Countries Closest to Sydney - Statistics

General Stats
  • This quiz has been taken 156 times
  • The average score is 18 of 20
Answer Stats
Distance (km) Distance (mi) Country % Correct
0 0 Australia
99%
2,931 1,821 Indonesia
99%
1,839 1,143 New Zealand
99%
2,462 1,530 Papua New Guinea
98%
2,347 1,458 Fiji
96%
2,613 1,623 Solomon Islands
94%
4,386 2,725 United States / American Samoa
94%
4,274 2,656 Samoa
92%
3,571 2,219 Tonga
92%
4,634 2,880 Marshall Islands
89%
2,372 1,474 Vanuatu
89%
4,121 2,561 Kiribati
86%
3,879 2,410 FS Micronesia
84%
5,420 3,368 Malaysia
84%
3,847 2,390 Tuvalu
83%
3,730 2,318 East Timor
82%
4,542 2.822 Palau
82%
4,035 2,508 Nauru
81%
5,120 3,181 Philippines
76%
1,934 1,202 France / New Caledonia
73%
No matching quizzes found
Score Distribution
Percent of People with Each Score
Percentile by Number Answered
Your Score History
You have not taken this quiz